| 000 | 00674nam a2200205 i 4500 | ||
|---|---|---|---|
| 001 | 151125 | ||
| 003 | ES-MaACL | ||
| 005 | 20230906203837.0 | ||
| 007 | t| | ||
| 008 | 071211s1921 fr ||||1| fre d | ||
| 100 | 1 |
_aArrhenius, Svante. _923268 |
|
| 245 | 1 | 3 |
_aLe Destin, des étoiles _b: études d'astronomie physique / _cpar Svante Arrhénius ; traduction française par T. Seyrig. |
| 260 |
_aParis : _bFélix Alcan, _c1921. |
||
| 300 |
_aV, 323 p. ; _c18 cm. |
||
| 490 | 1 | _aNouvelle collection scientifique | |
| 700 | 1 |
_aSeyrig, Théophile. _9105964 |
|
| 830 | 0 |
_aNouvelle collection scientifique _9183891 |
|
| 852 |
_aES-MaACL _jD-4229 |
||
| 999 |
_c151125 _d151125 |
||